Most Powerful MCU Characters (Films Only) - Statistics

General Stats
  • This quiz has been taken 43 times
  • The average score is 16 of 50
Answer Stats
Hint Answer % Correct
21. Hulk
97%
20. Thor
94%
18. Loki
92%
23. Doctor Strange
86%
15. Thanos
83%
4. Scarlet Witch
78%
42. Spider-Man
69%
12. Captain Marvel
67%
46. Monica Rambeau
67%
8. Odin
61%
44. Ant-Man
58%
36. Vision
56%
50. Black Panther
53%
17. Hela
50%
37. Ultron
50%
22. Kang the Conqueror
39%
45. Wasp
39%
14. Ego the Living Planet
36%
10. Dormammu
33%
6. Galactus
31%
11. Sentry
31%
39. Shang-Chi
31%
35. Red Hulk
28%
38. She-Hulk
28%
43. Ms. Marvel
25%
34. Adam Warlock
19%
16. Silver Surfer
19%
27. Agatha Harkness
17%
19. Sersi
17%
13. Surtur
17%
29. Ikaris
14%
41. Mantis
14%
33. Namor
14%
1. Eternity
11%
49. Moon Knight
11%
2. Death
8%
3. Franklin Richards
6%
47. Human Torch
6%
28. Zeus
6%
24. Alioth
3%
25. Cassandra Nova
3%
7. Celestials
3%
32. G’iah
3%
40. Goose
3%
9. Mephisto
3%
26. Insvisible Woman
0%
48. Man-Thing
0%
31. The Dweller in Darkness
0%
30. The Great Protector
0%
5. The Watchers
0%
No matching quizzes found
Score Distribution
Percent of People with Each Score
Percentile by Number Answered
Your Score History
You have not taken this quiz